000 00682nam a2200241 i 4500
001 C2-0128652
003 PPAK
005 20180727120811.0
008 970924s1990 my |||| ||||| | may d
040 _aPPAK
_beng
_cPPAK
_erda
082 0 4 _a324.2595
_223
090 0 0 _a324.2595
_bSAN
_dKK
100 0 _aSanusi Junid,
_eauthor
245 1 0 _aBuang yang keruh, ambil yang jernih
264 1 _a[Kuala Lumpur] :
_bPusat Dagangan Dunia Putra ,
_c1990
300 _a19 pages ;
_c19 cm
336 _2rdacontent
_atext
337 _2rdamedia
_aunmediated
338 _2rdacarrier
_avolume
500 _aUcapan Sanusi Junid
650 1 0 _aPolitical parties - Malaysia
942 _ddc
_cB
999 _c38871
_d38871